Manažment odmeňovania vzhľadom na generačné rozdiely

Možnosti odmeňovania zamestnancov za výkon práce v podmienkach slovenskej legislatívy. Základný prehIad legislatívnych noriem predpisov v oblasti odmeňovania, vzťahov zamestnanca a zamestnávateIa a týkajúcich sa vyplácania mzdy ako odmeny za prácu.

Enregistré dans:
Détails bibliographiques
Auteur principal: Gyurák Babeľová, Zdenka
Autres auteurs: Horváthová, Martina
Format: Chapitre de livre
Langue:slovaque
Sujets:
Tags: Ajouter un tag
Pas de tags, Soyez le premier à ajouter un tag!

MARC

LEADER 00000nla a2200000 4500
001 0242319
005 20240417075136.7
041 0 |a slo 
044 |a SK 
245 1 0 |a Manažment odmeňovania vzhľadom na generačné rozdiely  |c Zdenka Gyurák Babeľová, Martina Horváthová 
520 |a Možnosti odmeňovania zamestnancov za výkon práce v podmienkach slovenskej legislatívy. Základný prehIad legislatívnych noriem predpisov v oblasti odmeňovania, vzťahov zamestnanca a zamestnávateIa a týkajúcich sa vyplácania mzdy ako odmeny za prácu. 
610 2 0 |a generácie 
610 2 0 |a legislatíva 
610 2 0 |a manažéri 
610 2 0 |a Slovensko 
610 2 0 |a odmeňovanie 
610 2 0 |a diferenciácia mzdová 
610 2 0 |a rozdiely generačné 
100 1 |a Gyurák Babeľová, Zdenka 
700 1 |a Horváthová, Martina